000 00780nam a22002657a 4500
001 BR8305156
003 BR-BrBNA
005 20230928091753.0
007 ta
008 230509b bl.||||| |||| 00| 0 por d
040 _aBR-BrBNA
_bpor
_cBiblioteca Nacional de Agricultura
041 _a(Por)
072 _aP05; E10
090 _ P05 BR8305156
110 1 _aMinisterio da Agricultura, Brasilia, DF (Brasil). Coordenadoria de Agroenergia
_96768
245 1 _aAvaliacao tecnica e economica do funcionamento de microdestilarias
260 3 _aBrasilia, DF (Brasil):
_c1983.
300 _a66 p.
500 _a16 tables; 7 illus.
650 _aDESTILARIA
650 _aALCOOL
650 _aDESENVOLVIMENTO ECONOMICO
909 _a202309
_bLucia
_c55
_dLucia Elande
942 _cBK
999 _c35445
_d35445